Eurovision 2020 - song and artist - Statistics

General Stats
  • This quiz has been taken 2 times
  • The average score is 6 of 41
Answer Stats
Country Artist Song % Correct
Azerbaijan Efendi Cleopatra
100%
Australia Montaigne Don't break me
50%
Poland Alicja Szemplinska Empires
50%
Serbia Hurricane Hasta la vista
50%
Czech Republic Benny Cristo Kemama
50%
United Kingdom James Newman My last breath
50%
Lithuania The Roop On fire
50%
Greece Stefania Supergirl
50%
Russia Little Big Uno
50%
Denmark Ben and Tan Yes
50%
Romania Roxen Alcohol you
0%
Austria Vincent Bueno Alive
0%
Malta Destiny All of my love
0%
Norway Ulrikke Brandstorp Attention
0%
Armenia Athena Manoukian Chains on you
0%
Belarus VAL Da vidna
0%
Croatia Damir Kedzo Divlji Vjetre
0%
Italy Diodato Fai rumore
0%
Albania Arilena Ara Fall from the sky
0%
Israel Eden Alene Feker libi
0%
San Marino Senhit Freaky!
0%
the Netherlands Jeangu Macrooy Grow
0%
Finland Aksel Looking back
0%
Portugal Elisa Medo de sentir
0%
Sweden The Mamas Move
0%
Moldova Natalia Gordienko Prison
0%
Belgium Hooverphonic Release me
0%
Switzerland Gjon's Tears Repondez moi
0%
Cyprus Sandro Running
0%
Ukraine Go_A Solovey
0%
Latvia Samanta Tina Still breathing
0%
Ireland Lesley Roy Story of my life
0%
Georgia Tornike Kipiani Take me as I am
0%
Bulgaria Victoria Tears getting sober
0%
France Tom Leeb The best in me
0%
Iceland Dadi og Gagnamagnid Think about things
0%
Spain Blas Canto Universo
0%
Germany Ben Dolic Violent thing
0%
Slovenia Ana Soklich Voda
0%
Estonia Uku Suviste What love is
0%
North Macedonia Vasil You
0%
No matching quizzes found
Score Distribution
Percent of People with Each Score
Percentile by Number Answered
Your Score History
You have not taken this quiz